000 01230nam0a22002411 4500
001 rc\4946732
005 20260407111051.0
021 _aRU
_b[58-63250]
035 _a(NLR Aleph) 008856063
090 _a8431240
_c8431240
100 _a20130426d1958 |||y0rusy50 ca
101 0 _arus
102 _aRU
105 _ay j |||||
200 1 _aСборник учебной документации производственно-технических курсов по повышению квалификации зуборезчиков
_fГл. упр. науч.-исслед. и проектных организаций при Госплане СССР. Науч.-исслед. ин-т технологии тракт. и с.-х. машиностроения НИИТракторосельхозмаш
210 _aМосква
_cЦБТИ тракт. и с.-х. машиностроения
_d1958
215 _a28 с.
_d20
712 0 2 _aНИИ технологии тракторного и сельскохозяйственного машиностроения
_cМосква
_9371840
_3RU\NLR\AUTH\889938495
801 0 _aRU
_bNLR
_gpsbo
801 1 _aRU
_bELAR
_2rusmarc
852 _aNLR
_j58-4/17645
942 _cBOOK
980 _aNB